Vocabulaire Anglais (Spéciale Nourriture) - Statistiques

Statistiques générales
  • Ce quiz a été pris 12 108 fois
  • Le résultat moyen est 35 sur 45
Statistiques - réponses
Mot français Mot anglais % Correct
Tomate Tomato
98%
Fromage Cheese
97%
Lait Milk
96%
Poulet Chicken
95%
Poisson Fish
94%
Crème Cream
93%
Oeuf Egg
93%
Gâteau Cake
92%
Sucre Sugar
92%
Pain Bread
91%
Fraise Strawberry
90%
Sel Salt
89%
Avocat Avocado
87%
Riz Rice
86%
Pastèque Watermelon
86%
Petit-déjeuner Breakfast
85%
Beurre Butter
85%
Carotte Carrot
85%
Frites Fries
84%
Viande Meat
84%
Couteau Knife
83%
Légume Vegetable
83%
Miel Honey
82%
Ananas Pineapple
82%
Boeuf (la viande) Beef
81%
Melon Melon
81%
Poivre Pepper
81%
Jambon Ham
78%
Saucisse Sausage
76%
Assiette Plate
75%
Cuillère Spoon
75%
Poire Pear
73%
Raisin Grape
72%
Moutarde Mustard
72%
Maïs Corn
70%
Confiture Jam
70%
Fourchette Fork
67%
Farine Flour
66%
Dinde Turkey
61%
Thon Tuna
59%
Abricot Apricot
47%
Sucette Lollipop
46%
Homard Lobster
42%
Conserve Jar
41%
Asperge Asparagus
23%
Aucun quiz correspondant
Distribution des résultats
% des personnes avec chaque résultat
Percentile par nombre de réponses
Votre historique - résultats
Vous n’avez pas pris ce quiz